El ideal de una esposa
Gespeichert in:
| 1. Verfasser: | |
|---|---|
| Format: | Buch |
| Sprache: | Spanisch |
| Veröffentlicht: |
Santiago
Imprenta Artística Nacional
1911
|
| Ausgabe: | 1a. ed |
| Schlagworte: | |
| Tags: |
Tag hinzufügen
Keine Tags, Fügen Sie den ersten Tag hinzu!
|
MARC
| LEADER | 00000nam a2200000 a 4500 | ||
|---|---|---|---|
| 001 | UCJ5975 | ||
| 003 | CL-VaPUC | ||
| 008 | 070124e19110000CL |||||||||||||||||spa|d | ||
| 082 | 0 | 4 | |a Ch863 |b GRE |2 21 |
| 100 | 0 | |a Grez, Vicente |e author |9 506604 | |
| 245 | 1 | 3 | |a El ideal de una esposa |
| 250 | |a 1a. ed | ||
| 300 | |a 243 p | ||
| 942 | |c BK | ||
| 945 | |d 20070124 00:00:00 |a rinostro | ||
| 260 | |a Santiago |b Imprenta Artística Nacional |c 1911 | ||
| 500 | |a Empastado en un mismo volumen con otra obra del mismo autor | ||
| 650 | 0 | |a Novela chilena |9 307631 | |
| 583 | |a last modification |c 20070124 00:00:00 |k Rodrigo Vera | ||
| 999 | |c 322083 |d 322081 | ||
| 952 | |0 0 |1 0 |4 0 |6 CH_863_000000000000000_GRE_1911 |7 0 |8 ? |9 400996 |a FDOBUD |b FDOBUD |d 2019-11-22 |i 1042254 |o Ch863 GRE 1911 |p 1042254 |r 2019-11-22 |w 2019-11-22 |y BK |k BUD | ||